| 000 -LEADER |
| fixed length control field |
01834nam a22002057a 4500 |
| 005 - DATE AND TIME OF LATEST TRANSACTION |
| control field |
20260209142913.0 |
| 008 - FIXED-LENGTH DATA ELEMENTS--GENERAL INFORMATION |
| fixed length control field |
260128b ||||| |||| 00| 0 eng d |
| 040 ## - CATALOGING SOURCE |
| Transcribing agency |
SSBUL |
| 041 ## - LANGUAGE CODE |
| Language code of text/sound track or separate title |
English |
| 082 ## - DEWEY DECIMAL CLASSIFICATION NUMBER |
| Edition number |
23 |
| Item number |
T-52 Ph.D. |
| 100 0# - MAIN ENTRY--PERSONAL NAME |
| Personal name |
Thi Thi Lwin. |
| Numeration |
4 PhD-Hist-10 |
| 9 (RLIN) |
65820 |
| 245 10 - TITLE STATEMENT |
| Title |
Economic History of Wetlet Township(1948-1974) / |
| Statement of responsibility, etc. |
Thi Thi Lwin. |
| 260 ## - PUBLICATION, DISTRIBUTION, ETC. |
| Place of publication, distribution, etc. |
Mandalay : |
| Name of publisher, distributor, etc. |
University of Mandalay, |
| Date of publication, distribution, etc. |
2013. |
| 300 ## - PHYSICAL DESCRIPTION |
| Extent |
xxxi, 205 p. |
| Other physical details |
includes maps,photographs,sketchs and tables. |
| Dimensions |
29 cm. |
| 502 ## - DISSERTATION NOTE |
| Dissertation note |
Wetlet is in fact a microcosm of the nation,and all happenings in the macro world reflect Wetlet in all aspects of the panorama.The disseration presented an analysis of experimentation of the newly framed constitution under suoeremacy of the people's mandate.In restrospect Wetlet was chosen because it was a place of ancient society lived in Hanlin.This historical background provided an introduction.The economic conditions discussed on the state of the Wetlet economy,production and sale of paddy as subsistence and cash crop.The agriculture sector,the maiini life line of Wetlet economy had also greatly contributed to major businesses.The Industrial spectrum touches on the agriculture industry.Trade and commerce sector was basic on the local trade.Roads and communication were fairly improved due to some improvements in trade and commerce.The disserstion concludes with the reviews and critical summary on the entire disseration.<br/> |
| Degree type |
Ph.D. |
| Name of granting institution |
University of Mandalay. |
| Year degree granted |
2013. |
| 504 ## - BIBLIOGRAPHY, ETC. NOTE |
| Bibliography, etc. note |
includes bibliography. |
| 505 ## - FORMATTED CONTENTS NOTE |
| Formatted contents note |
Contents<br/>Introduction<br/>Chapters<br/>1.Historical Background<br/>2.Agriculture<br/>3.Industry and Handicraft<br/>4.Trade and Commerce |
| Statement of responsibility |
Thi Thi Lwin. |
| Title |
Economic History of Wetlet Township(1948-1974). |
| 650 ## - SUBJECT ADDED ENTRY--TOPICAL TERM |
| Topical term or geographic name entry element |
Economic conditions |
| Chronological subdivision |
(1948-1974). |
| Geographic subdivision |
Wetlet, Myanmar |
| 9 (RLIN) |
65821 |
| General subdivision |
History |
| 942 ## - ADDED ENTRY ELEMENTS (KOHA) |
| Source of classification or shelving scheme |
|
| Koha item type |
Reference |